Регионална библиотека "Любен Каравелов" - Русе

Да обичаш Франк (Запис номер 88852)

MARC детайли
000 -Лидер
Контролно поле с фиксирана дължина 01598nam a2200397 c 4500
003 - Код на организацията, давaща контролен номер
Контролно поле BLK
005 - Дата и час на последна редакция
Контролно поле 20231103005239.0
008 - Елементи от данни с фиксирана дължина
fixed length control field 180408b bul|||||r ||||||| ||bul||
010 ## - Наследен системен номер
LC control number KNG00093545000
020 ## - Международен стандартен номер на книга ISBN
Международен стандартен номер на книга ISBN 978-954-389-005-7
-- издат.: Ера
040 ## - Източник на каталожния запис
Идентификатор на билиотеката - собственик на записа BLK
041 ## - Код за език
Код за езика на текст/звукозапис или на отделно заглавие Български
Код за езика КДБФ Български
080 ## - УДК
Текстов определител УДК Американска литература (на САЩ)
УДК код - определител по УДК 821.111(73)
УДК определител -312.6
УДК - код + определител 821.111(73)-312.6
080 ## - УДК
Текстов определител УДК Архитекти
УДК код - определител по УДК 72.071.1
УДК определител (73)(092)(0:82-31)
УДК - код + определител 72.071.1(73)(092)(0:82-31)
080 ## - УДК
Текстов определител УДК
УДК код - определител по УДК 929 Райт, Франк Лойд
УДК определител
УДК - код + определител 929 Райт, Франк Лойд
100 1# - Редна дума - Автор
Автор Хоран, Нанси
Авторска отговорност първи автор
R(LIN) 303347
139 ## - Редно поле
Редна дума Хоран, Нанси
Авторски знак Хор - Х 66
245 10 - Сведения за заглавието
Заглавие Да обичаш Франк
Редно поле (дума) Нанси Хоран; прев. от англ. Юлия Чернева.
257 ## - Страна на издаване
Страна на създаване/издаване Съединени американски щати
260 ## - Област на издателските данни
-- София
Име на издателя, разпространителя и проч. Ера
Година на издаване 2008
Печатница София : Експреспринт
300 ## - Физическа характеристика
Страници 350 с.
Размери/Мащаб 24 см
380 ## - Жанр
Жанр Худож. лит.
500 ## - Общи забележки
Забележка Ориг. загл. Loving Frank / Mancy Drew Horan. - Библиогр. с. 348-349.
600 14 - Име на лице, използвано като предмет
За него / За нея Райт, Франк Лойд
9 (RLIN) 303348
650 #4 - Допълнително описание по предмет – тема
Основно описание – тема или топоним Райт, Франк Лойд
9 (RLIN) 303348
651 #4 - Допълнително описание по предмет - топоним
Географско понятие САЩ
9 (RLIN) 179493
653 ## - Ключова дума – ненормативна
Ключова дума Франк Лойд Райт
653 ## - Ключова дума – ненормативна
Ключова дума романизувани биографии
700 ## - Други автори (авторска отговорност)
Лично име Чернева, Юлия Недкова
Дати, свързани с автора 1955-
9 (RLIN) 365526
852 ## - Местоположение
Форматна сигнатура Цб 246531
856 4# - Електронен адрес и достъп
Електронен формат pdf - файл
Път до файла /url/
856 4# - Електронен адрес и достъп
Електронен формат pdf - файл
Път до файла /url/
942 ## - АРТИКУЛИ
Вид на библиотечния материал Книги
Скрит в OPAC Не
Koha issues (borrowed), all copies 5
944 ## - СЪЗДАВАНЕ И РЕДАКЦИЯ на ЗАПИСА
Създаване/Редакция Създаване
Дата на регистрацията/редакция 18.01.2010
Статус, дата на статуса CRON CRON
Служител, извършил регистрацията/редакцията
944 ## - СЪЗДАВАНЕ И РЕДАКЦИЯ на ЗАПИСА
Създаване/Редакция Редакция
Дата на регистрацията/редакция 25.06.2014
Статус, дата на статуса ф /
Служител, извършил регистрацията/редакцията
999 ## - СИСТЕМНИ КОНТРОЛНИ НОМЕРА
Koha biblionumber 88852
Koha biblioitemnumber 88852
Наличности
Код за отписване Код за изгубен артикул Код за повреда Коз за рестрикции Код за отдаване Артикулен № Име на библиотеката - собственик Име на библиотеката, в която се намира в момента Статус (Текущо местоположение) Дата на вписване в системата Местоположение - отдел Цена в лева Инвентарен номер Систематично азбучна сигнатура Баркод Номер на екземпляра Цена в евро Служебна бележка Служебен тип на артикула
  Не е изгубен Не е повреден без рестрикции ползва се в читалня 143961 Регионална библиотека "Любен Каравелов" Русе Регионална библиотека "Любен Каравелов" Русе Хранилище 2010-01-18 Хранилище 12.00 120000740867 Цб 246531 120000740867 1 6.14 Дост: Dp Вид: Д N: 26 Дата: 17.06.2009 Книги
  Не е изгубен Не е повреден без рестрикции заемане за дома 143962 Регионална библиотека "Любен Каравелов" Русе Регионална библиотека "Любен Каравелов" Русе Заемна - подръчен фонд 2014-06-18 Заемна - подръчен фонд 5.00 120000778313 П 820(73)-31/Х 66 120000778313 2 2.56 Дост: DA Вид: А N: 9 Дата: 18.06.2014 Дата инв: 13.02.2018 Бележки инв: П2018 Книги
Vip Innovations Ltd, Rousse, Bulgaria 2025